Griechische Denker (Record no. 73886)

MARC details
000 -LEADER
campo de control de longitud fija 00480nam a2200157 i 4500
001 - NÚMERO DE CONTROL
campo de control 73886
003 - IDENTIFICADOR DE NÚMERO DE CONTROL
campo de control ES-MaACL
005 - FECHA Y HORA DE LA ÚLTIMA TRANSACCIÓN
campo de control 20230906171942.0
007 - CAMPO FIJO DE DESCRIPCIÓN FÍSICA--INFORMACIÓN GENERAL
campo de control de longitud fija t|
008 - DATOS DE LONGITUD FIJA--INFORMACIÓN GENERAL
campo de control de longitud fija 040913s1922 gw ||||1| ger d
100 1# - ENTRADA PRINCIPAL--NOMBRE DE PERSONA
Nombre de persona Gomperz, Theodor.
9 (RLIN) 58217
245 10 - MENCIÓN DEL TÍTULO
Título Griechische Denker
Resto del título : eine geschichte der antiken philosophie /
Mención de responsabilidad, etc. von Theodor Gomperz.
260 ## - PUBLICACIÓN, DISTRIBUCIÓN, ETC.
Lugar de publicación, distribución, etc. Berlín :
Nombre del editor, distribuidor, etc. [s.n.,
Fecha de publicación, distribución, etc. 1922] (
Lugar de fabricación/manufactura Oldenburg :
Fabricante Gerhard Stalling)
300 ## - DESCRIPCIÓN FÍSICA
Extensión 499 p. ;
Dimensiones 20 cm.
852 ## - LOCALIZACIÓN
Ubicación ES-MaACL
Número de control de estantería A-4622
Holdings
Estatus retirado Estado de pérdida Estado de daño No para préstamo Biblioteca de origen Biblioteca actual Ubicación en estantería Fecha de adquisición Fuente de adquisición Total de préstamos Signatura topográfica completa Código de barras Visto por última vez Precio de reemplazo Tipo de ítem Koha
        Biblioteca del Ateneo de Madrid Biblioteca del Ateneo de Madrid Sala Pecera Planta 1 17/01/2008     A-4622 1077340 23/02/2023 23/02/2023 Libro impreso